000 00570nam a22001817a 4500
999 _c194961
_d194961
005 20230203103504.0
010 _aENG-136112
020 _c100.00
035 _aEN-119644
037 _bDBAD/PUB
082 _a270
100 _aMuslehuddin, Muhammad
245 _aPhilosophy of Islamic Law And The Orientalists:
_bA Comparative Study of Islamic Legal System/
_cMuhammad Muslehuddin
260 _aDelhi
_bMarkazi Maktaba Islami
_c1985
270 _a1353, Chitli Qabr
_bDelhi
_e110006
300 _axi, 302p.
_c22cm(hbk)
942 _2ddc
_cEN
_h270
_mMUS